[Event "Gausdal op-A"]
[Site "Gausdal"]
[Date "2008.04.10"]
[Round "3"]
[White "Flumbort, Andras"]
[Black "Kremenietsky, Anatoly M"]
[Result "1-0"]
[WhiteElo "2499"]
[BlackElo "2354"]
[PlyCount "103"]
[EventDate "2008.04.08"]
[EventType "swiss"]
[EventRounds "9"]
[EventCountry "NOR"]
[SourceTitle "CBM 123 Extra"]
[Source "ChessBase"]
[SourceDate "2008.05.06"]
[SourceVersion "1"]
[SourceVersionDate "2008.05.06"]
[SourceQuality "1"]

1. d4 Nf6 2. c4 c6 3. Nc3 d5 4. e3 a6 5. Nf3 Bf5 6. Ne5 h6 7. Qb3 Bc8 8. cxd5 cxd5 9. Bd2 e6 10. Rc1 Be7 11. Bd3 0-0 12. 0-0 b5 13. Ne2 Nfd7 14. Bb1 Nxe5 15. dxe5 Nd7 16. Bc3 Re8 17. Bd4 Nf8 18. Rfd1 Bd7 19. e4 dxe4 20. Ng3 Rc8 21. Rxc8 Qxc8 22. Nxe4 Rd8 23. Bb6 Re8 24. Bd4 Qc4 25. Qe3 Rc8 26. b3 Qd5 27. Nf6+ Bxf6 28. Be4 Bg5 29. f4 Bxf4 30. Qxf4 Rc1 31. Qxc1 Qxe4 32. Qe3 Qb7 33. Bc5 Ng6 34. Qd4 Bc6 35. Qd8+ Kh7 36. Qb6 Bxg2 37. Qxb7 Bxb7 38. Rd7 Bd5 39. Rxf7 Nxe5 40. Ra7 Kg6 41. Bf8 Nc6 42. Rxa6 Ne5 43. Ra5 Bc6 44. Ra6 Bd5 45. Bd6 Nd3 46. Ra5 Bc6 47. Kf1 Kf5 48. a4 e5 49. axb5 Bf3 50. b6 Ke6 51. Bf8 Kd7 52. Ra7+ 1-0

[Event "Gausdal op-A"]
[Site "Gausdal"]
[Date "2008.04.09"]
[Round "2"]
[White "Kremenietsky, Anatoly M"]
[Black "Hammer, Jon Ludvig"]
[Result "1/2-1/2"]
[WhiteElo "2354"]
[BlackElo "2457"]
[PlyCount "147"]
[EventDate "2008.04.08"]
[EventType "swiss"]
[EventRounds "9"]
[EventCountry "NOR"]
[SourceTitle "CBM 123 Extra"]
[Source "ChessBase"]
[SourceDate "2008.05.06"]
[SourceVersion "1"]
[SourceVersionDate "2008.05.06"]
[SourceQuality "1"]

1. d4 Nf6 2. c4 e6 3. Nc3 Bb4 4. Qc2 d5 5. cxd5 exd5 6. Bg5 c5 7. Nf3 cxd4 8. Nxd4 Nc6 9. Nxc6 bxc6 10. e3 h6 11. Bh4 0-0 12. Be2 g5 13. Bg3 Ne4 14. Bd3 f5 15. Bxe4 fxe4 16. 0-0 Ba6 17. Rfc1 Bd3 18. Qa4 Qb6 19. Qd1 Rf5 20. Na4 Qb5 21. a3 Be7 22. b4 a5 23. Nc5 Bc4 24. Ne6 Qb7 25. Qg4 Rf6 26. Be5 Qd7 27. Bxf6 Bxf6 28. Rab1 Re8 29. bxa5 Qxe6 30. Qxe6+ Rxe6 31. Rb6 Bd8 32. Rb8 Rd6 33. Rc8 c5 34. Rxc5 Kg7 35. g3 Ra6 36. R1xc4 dxc4 37. Rxc4 Rxa5 38. Rxe4 Rxa3 39. Kg2 h5 40. h3 Ra2 41. g4 h4 42. Re5 Kf6 43. Rf5+ Ke6 44. Kf3 Ra1 45. Kg2 Ra7 46. Kf3 Bf6 47. Kg2 Rd7 48. Kf3 Rd1 49. Kg2 Ra1 50. Kh2 Rc1 51. Kg2 Kf7 52. Rb5 Rc6 53. Rd5 Kg6 54. Rf5 Bd8 55. Kf3 Bc7 56. Kg2 Rc2 57. Kf1 Rd2 58. Rf3 Rd5 59. Kg2 Bd6 60. Kf1 Kg7 61. Kg2 Ra5 62. Kf1 Be7 63. Kg2 Bd6 64. Kf1 Kg6 65. Kg1 Rb5 66. Kg2 Kg7 67. Kf1 Be7 68. Kg2 Bf6 69. Rf5 Rxf5 70. gxf5 Be5 71. Kf3 Kf6 72. Kg4 Bc3 73. f4 gxf4 74. Kxf4 1/2-1/2

[Event "Gausdal op-A"]
[Site "Gausdal"]
[Date "2008.04.08"]
[Round "1"]
[White "Tjoelsen, Katrine"]
[Black "Kremenietsky, Anatoly M"]
[Result "0-1"]
[WhiteElo "2066"]
[BlackElo "2354"]
[PlyCount "107"]
[EventDate "2008.04.08"]
[EventType "swiss"]
[EventRounds "9"]
[EventCountry "NOR"]
[SourceTitle "CBM 123 Extra"]
[Source "ChessBase"]
[SourceDate "2008.05.06"]
[SourceVersion "1"]
[SourceVersionDate "2008.05.06"]
[SourceQuality "1"]

1. d4 Nf6 2. c4 e6 3. Nc3 Bb4 4. Qc2 0-0 5. Bg5 h6 6. Bh4 c5 7. e3 cxd4 8. exd4 Nc6 9. Nf3 d5 10. Rd1 Be7 11. c5 b6 12. Bb5 Bd7 13. 0-0 bxc5 14. dxc5 Qc7 15. Bxc6 Bxc6 16. b4 Bd7 17. Rb1 Rfc8 18. Rfc1 Be8 19. Nd4 Qf4 20. Nf3 Qc7 21. Qd2 Qd8 22. Nd4 g5 23. Bg3 Nh5 24. Be5 Ng7 25. Ncb5 f6 26. Bd6 e5 27. Bxe7 Qxe7 28. Qe2 Qd7 29. c6 Qd8 30. Nxa7 Rxa7 31. b5 exd4 32. b6 Re7 33. Qb5 Ne6 34. a4 d3 35. b7 Rb8 36. Qxd3 Rc7 37. a5 Rxc6 38. a6 Rxc1+ 39. Rxc1 Nc7 40. h3 Bb5 41. Qg6+ Kf8 42. Qxh6+ Ke7 43. h4 Bxa6 44. hxg5 Bc4 45. gxf6+ Kd7 46. Re1 Kc6 47. g4 Qd6 48. g5 Kxb7 49. Qh7 Qf4 50. Qg7 Qg4+ 51. Kh2 Qh4+ 52. Kg1 Rh8 53. Qxh8 Qxh8 54. Kg2 0-1